| 000 | 01246nas a2200385 4500 | ||
|---|---|---|---|
| 001 | BR2013000454 | ||
| 003 | BR-BrBNA | ||
| 005 | 20231205121822.0 | ||
| 007 | ta | ||
| 008 | 230509b bl.|||p| |||| 00| 00por d | ||
| 040 |
_aBR-BrBNA _bpor _cBiblioteca Nacional de Agricultura |
||
| 041 | _a(Pt) | ||
| 072 | _aL40; L70 | ||
| 100 | 1 | _aWatanabe, I.S. | |
| 100 | 1 | _aGuimarães, J.P. | |
| 100 | 1 | _aOgawa, K. | |
| 100 | 1 | _aIyomassa, M.M. | |
| 100 | 1 | _aMiglino, M.A. | |
| 100 | 1 | _aSilva, M.C.P. | |
| 100 | 1 | _aSemprini, M. | |
| 100 | 1 | _aSosthines, M.C.K. | |
| 100 | 1 | _aLopes, M.O. | |
| 100 | 1 | _aLopes, R.A. | |
| 245 | 1 | _aGlândula submandibular de ratos com envelhecimento: observações ao microscópio eletrônico de varredura de alta resolução | |
| 246 | 1 | _aSubmandibular gland of rats with ageing: observations with high resolution scanning electron microscopy | |
| 650 | _aRATO | ||
| 650 | _aANATOMIA ANIMAL | ||
| 650 | _aEXPERIÊNCIA DE LABORATÓRIO | ||
| 650 | _aGLÂNDULA | ||
| 650 | _aMITOCÔNDRIA | ||
| 650 | _aIDADE | ||
| 773 | 0 |
_tPesquisa Veterinária Brasileira (Brazil) _xISSN 0100-736X _g(Dec 2007), v. 27(12) p. 501-505 _wBR2013000454 |
|
| 909 |
_a202311 _bLúcia _c55 _dLúcia Elande |
||
| 942 |
_2AGRIS _n0 _cANA |
||
| 999 |
_c225405 _d225405 |
||